Nové české dožínky pásmo písní, zvyků a tanců : kulturní brigáda /

Hlavní autor: Hrabák, Josef, 1912-1987
Další autoři: Hudeček, Jakub, 1871-1937, Urban, Jan, 1888-1942
Jazyk: Čeština
Vydáno: Praha : Svoboda, 1947
Fyzický popis: 31 s.
Hudebniny Hudebniny
Uloženo v:
LEADER 00941ncm a22002412a 4500
001 001134787
003 CZ BrMZK
005 20110111134033.0
007 qu
008 110111s1947 xr |||||||||||||||||cze d
040 |a BOA001  |b cze 
072 7 |a 784  |x Vokální hudba  |2 Konspekt  |9 9 
100 1 |a Hrabák, Josef,  |d 1912-1987  |7 jk01042553  |4 aut 
245 1 0 |a Nové české dožínky  |h [hudebnina] :  |b pásmo písní, zvyků a tanců : kulturní brigáda /  |c upravili J. Hrabák, J. Hudeček a J. Urban 
260 |a Praha :  |b Svoboda,  |c 1947 
300 |a 31 s. 
700 1 |a Hudeček, Jakub,  |d 1871-1937  |7 jk01043204  |4 aut 
700 1 |a Urban, Jan,  |d 1888-1942  |7 jk01140795  |4 cmp 
910 |a BOA001  |b Mus2-0199.586 
990 |a MU 
991 |b 201101 
996 6 |b 2619349322  |c Mus2-0199.586  |l MZK  |r Sklad / do 1 hodiny  |n 0  |w 001164172  |u 000020  |a 1  |e BOA001  |j MZK50  |s P 
996 7 |b 2619349323  |c Mus2-0199.586  |l MZK  |r Sklad / do 1 hodiny  |n 2  |w 001164172  |u 000010  |a 1  |e BOA001  |j MZK50  |s A